00262nam a2200097Ia 4500008004100000100002200041245004300063250000800106260004200114300000800156191201s2012 xx 000 0 und d aBHATTACHARYYA, SN 0aInstallation servicing and maintenance aRep c2012bS Chand and Co. Ltd.aNEW DELHI a296